00722nam a22001577a 450000500170000000800410001704100120005808200130007010000160008324500460009926000710014530000080021652003100022465000120053470000180054620240508113352.0240423b |||||||| |||| 00| 0 eng d aEnglish a746bVAI aVaidya A.A. aTextile Auxiliaries & Finishing Chemicals aAhmedabadbAhmedabad Textles Industry's Research Associationc1975 a215 aChapter 1 General Introduction Chapter 2 Important Processing Operations In which Auxiliaries are used Chapter 3 Chemistry & Synthesis of Surface Active Agents Chapter 4 Finishing Agents Chapter 5 Methods of Evaluation of Textile Auxiliaries Chapter 6 Catalogue of Textile Auxiliaries available in India  aTextile aTrivedi S. S.